Vpliv dostupnosti osviti na migracijni procesi v epochu ekonomiki znaň

Dôvody migrácie obyvateľstva. Rozvoj nových technológií a vznik termínu vedomostná ekonomika. Vysokoškolské vzdelávanie a jeho vplyv na konkurencieschopnosť krajiny. Migrácia študentov.

Enregistré dans:
Détails bibliographiques
Auteur principal: Gonda, Vladimír
Format: Chapitre de livre
Langue:russe
Sujets:
Tags: Ajouter un tag
Pas de tags, Soyez le premier à ajouter un tag!

MARC

LEADER 00000naa$a2200000$$$4500
001 0174809
005 20240502083416.2
041 0 |a rus 
044 |a UA 
245 1 0 |a Vpliv dostupnosti osviti na migracijni procesi v epochu ekonomiki znaň  |c Vladimír Gonda 
520 |a Dôvody migrácie obyvateľstva. Rozvoj nových technológií a vznik termínu vedomostná ekonomika. Vysokoškolské vzdelávanie a jeho vplyv na konkurencieschopnosť krajiny. Migrácia študentov. 
610 2 0 |a migrácia 
610 2 0 |a pohyb síl pracovných 
610 2 0 |a vzdelávanie vysokoškolské 
610 2 0 |a univerzity 
610 2 0 |a ekonomika vedomostná 
610 2 0 |a vedomosti 
100 1 |a Gonda, Vladimír